Skip to content
VuFind
Login
All Fields
Title
Author
Subject
Call Number
ISBN/ISSN
Tag
Find
Advanced
කැලණි මුල්ලේරියා ප්රෞඪ ඉතිහාස...
Cite this
Text this
Email this
Print
Export Record
Export to RefWorks
Export to EndNoteWeb
Export to EndNote
Export to MARC
Export to BibTeX
Export to RIS
Save to List
Permanent link
කැලණි මුල්ලේරියා ප්රෞඪ ඉතිහාසය සිනමා ඇසින් /
Kelani mulleriya pravda ithihasaya
Saved in:
Bibliographic Details
Main Author:
අබේසේකර, සනත්
Format:
Book
Published:
කොළඹ :
කර්තෘ,
2025.
Tags:
Add Tag
No Tags, Be the first to tag this record!
Holdings
Description
Comments
Similar Items
Staff View
MARC
LEADER
00000nam a2200000 4500
003
LK-CoNLD
005
20260306150206.0
008
260306b |||||||| |||| 00| 0 ||| d
015
|2
slnb
017
|a
506292
|b
LK-CoDNA
020
|a
9789555360920
040
|a
LK-CoNLD
|b
SIN
|c
LK-CoNLD
|d
LK-CoNLD
082
|2
23
|q
LK-CoNLD
100
|a
අබේසේකර, සනත්
|9
29330
245
|6
880-1
|a
කැලණි මුල්ලේරියා ප්රෞඪ ඉතිහාසය සිනමා ඇසින් /
|c
සනත් අබේසේකර.
260
|a
කොළඹ :
|b
කර්තෘ,
|c
2025.
300
|a
පි. 84 : වර්ණ ඡායාරූප ;
|c
සෙමී. 21.
|b
මැබැ-බෝක. රු. 1000.00
880
|6
245-1
|a
Kelani mulleriya pravda ithihasaya
942
|c
BOOK
945
|a
21991
|b
Nadeen WEERAKOON
|c
18246
|d
Chamari MUTHUMALI
999
|c
297843
|d
297843
Similar Items
1818 ප්රෞඪ මතක/
by: බංඩා, ගුණරත්න ඒච්.එම්
මුල්ලේරියා අභිමානය/
by: ප්රේමචන්ද්ර, අශෝක
Published: (2009)
මුල්ලේරියා අභිමානය/
by: ෙප්ර්මචන්ද්ර, අශෝක
Published: (2007)
මුල්ලෙරියා අභිමානය/
by: ප්රේමචන්ද්ර, අශෝක
Published: (2007)
මුල්ලේරියා අභිමානය /
by: ප්රේමචන්ද්ර, අශෝක
Published: (2007)